00925nam a2200253 a 450000100100000000500170001000800410002704000250006808200270009310000330012024500510015325000110020426000490021530000280026449000170029250400280030959000260033760000440036365100600040783000240046791000380049195201250052999900170065400004840920240410073848.0190305s2002 dr a r 000 0 spa d aDO-SdBNPbspacBNPHU a923.27293bD812p, 20021 aPatín Veloz, Enrique9342510aDuarte y la historia /cEnrique Patín Veloz. a4a ed. aSanto Domingo :bInstituto Duartiano,c2002. a161 p. :bil. ;c21 cm.1 aDuartianav5 aBibliografía : p. 159 aInventariado, 2019/BT10aDuarte, Juan Pablo, d1813-187691494 0aRepública Dominicana --xHistoria --y1844-193091009 0aDuartianan5944455 aValidado. Control de calidad. MFF 0010718PDaPDbPDcHDd2019-03-05iLF1l0o923.27293 D812p, 2002p48409-10r2020-06-25w2020-06-25yLFPDZNo se presta c47897d47897